00557nam a2200193Ia 450000500170000000800410001702000060005808200130006424500290007726000600010630000130016665000110017965000140019070000220020470000200022694200060024695200960025299900150034820240510023851.0240331s9999 xx 000 0 und d a  bGLOa332 0aGlobalisation of capital aNew Delhib A Lal Parcham - Lok Dasta Publicationc1997 a261 p ., aSocial aPolitical aParcham, Laleedt aDasta, Lokeedt cL 001040708LaWERCLbWERCLcSSCd2024-03-31l0o 332. GLOp2440r2024-03-31w2024-03-31yL c2719d2719